[Event "CZE-ch U14"]
[Site "Kouty nad Desnou"]
[Date "2024.03.13"]
[Round "6"]
[White "Jezek, Jakub1"]
[Black "Trcalek, Filip"]
[Result "1-0"]
[WhiteElo "1773"]
[BlackElo "1615"]
[PlyCount "39"]
[EventDate "2024.03.09"]
[EventType "swiss"]
[EventRounds "9"]
[EventCountry "CZE"]
[SourceTitle "CB12_2024"]
[SourceDate "2023.10.01"]
[SourceVersion "1"]
[SourceVersionDate "2023.10.01"]
[SourceQuality "1"]

1. e4 e5 2. Nf3 Nc6 3. Nc3 Nf6 4. Bb5 Bc5 5. Nxe5 Nxe5 6. d4 Bd6 7. 0-0 0-0 8. f4 Ng6 9. e5 Be7 10. exf6 Bxf6 11. f5 Ne7 12. Ne4 Nc6 13. Nxf6+ Qxf6 14. c3 a6 15. Bd3 d6 16. Qh5 h6 17. g4 Qe7 18. f6 Qe6 19. Bf5 Qe2 20. fxg7 1-0

[Event "Zlin Region-chT 2223"]
[Site "Czech Republic"]
[Date "2022.10.23"]
[Round "2.8"]
[White "Trcalek, Filip"]
[Black "Hobza, Richard"]
[Result "0-1"]
[WhiteElo "1137"]
[BlackElo "1632"]
[PlyCount "124"]
[EventDate "2022.10.09"]
[EventType "team-tourn"]
[EventRounds "11"]
[EventCountry "CZE"]
[SourceTitle "EXT 2024"]
[Source "ChessBase"]
[SourceDate "2023.10.10"]
[SourceVersion "1"]
[SourceVersionDate "2023.10.10"]
[SourceQuality "1"]
[WhiteTeam "Usti Sokol"]
[BlackTeam "Zlin Malenovice"]
[WhiteTeamCountry "CZE"]
[BlackTeamCountry "CZE"]

1. e4 d5 2. exd5 Nf6 3. Nf3 Nxd5 4. Bc4 Bg4 5. h3 Bh5 6. d3 e6 7. Bd2 c6 8. Bxd5 cxd5 9. Nc3 Nc6 10. g4 Bg6 11. Qe2 Bb4 12. a3 Ba5 13. 0-0-0 d4 14. Ne4 Rc8 15. Rhe1 Qd5 16. Kb1 Bxd2 17. Nfxd2 b5 18. f4 0-0 19. g5 b4 20. h4 bxa3 21. b3 a2+ 22. Ka1 Nb4 23. Nc4 a5 24. Rc1 Qc6 25. h5 Bxe4 26. Qxe4 Qxe4 27. Rxe4 Rfd8 28. g6 a4 29. bxa4 Ra8 30. gxf7+ Kxf7 31. a5 Nc6 32. Ne5+ Nxe5 33. Rxe5 Ra6 34. Kxa2 Rda8 35. Kb3 Rxa5 36. Rxa5 Rxa5 37. Rh1 Kf6 38. Kc4 Rd5 39. Rh2 Kf5 40. Rg2 Rd7 41. Re2 Kxf4 42. Re4+ Kg5 43. Rxd4 Rc7+ 44. Kb3 Kxh5 45. Re4 Rc6 46. Re5+ g5 47. c4 Kg4 48. d4 Kf4 49. Re1 h5 50. d5 exd5 51. cxd5 Rd6 52. Rd1 g4 53. Kc4 g3 54. Kc5 Rd8 55. d6 g2 56. Kc6 h4 57. Kc7 Rxd6 58. Kxd6 h3 59. Ra1 h2 60. Ra4+ Kf5 61. Ra5+ Kf6 62. Ra1 g1Q 0-1